ARRUPE JESUIT UNIVERSITY

CORONAVIRUS -STOP THE SPREAD - CLEAN,DISINFECT,COVER

Francis Borgia : (Record no. 121954)

MARC details
000 -LEADER
fixed length control field 01681cam a2200373 a 4500
001 - CONTROL NUMBER
control field 2970082
003 - CONTROL NUMBER IDENTIFIER
control field ARRUPE
005 - DATE AND TIME OF LATEST TRANSACTION
control field 20150129174115.0
008 - FIXED-LENGTH DATA ELEMENTS--GENERAL INFORMATION
fixed length control field 910926m19911983mou b 000 0beng
010 ## - LIBRARY OF CONGRESS CONTROL NUMBER
LC control number 91199947
020 ## - INTERNATIONAL STANDARD BOOK NUMBER
International Standard Book Number 0912422602
020 ## - INTERNATIONAL STANDARD BOOK NUMBER
International Standard Book Number 0912422610 (pbk.)
040 ## - CATALOGING SOURCE
Original cataloging agency DLC
Transcribing agency DLC
Modifying agency DLC
041 1# - LANGUAGE CODE
Language code of text/sound track or separate title eng
Language code of original and/or intermediate translations of text spa
043 ## - GEOGRAPHIC AREA CODE
Geographic area code e-sp---
050 00 - LIBRARY OF CONGRESS CALL NUMBER
Classification number BX3756.F45
Item number D148 1996
082 00 - DEWEY DECIMAL CLASSIFICATION NUMBER
Classification number 282/.092
-- B
Edition number 20
300 ## - PHYSICAL DESCRIPTION
Dimensions 24 cm.
100 1# - MAIN ENTRY--PERSONAL NAME
Personal name Dalmases, Cándido de,
Dates associated with a name 1906-
9 (RLIN) 14822
240 10 - UNIFORM TITLE
Uniform title <a href="Padre Francisco de Borja.">Padre Francisco de Borja.</a>
Language of a work English
245 10 - TITLE STATEMENT
Title Francis Borgia :
Remainder of title grandee of Spain, Jesuit, saint /
Statement of responsibility, etc by Cándido de Dalmases ; translated by Cornelius Michael Buckley.
250 ## - EDITION STATEMENT
Edition statement 1st ed.
260 ## - PUBLICATION, DISTRIBUTION, ETC. (IMPRINT)
Place of publication, distribution, etc Gujarat Sahitya Prakash
Name of publisher, distributor, etc Gujarat
Date of publication, distribution, etc c1996
300 ## - PHYSICAL DESCRIPTION
Extent x, 251 p. ;
490 1# - SERIES STATEMENT
Series statement Series II--Modern scholarly studies about the Jesuits in English translation ;
Volume number/sequential designation no. 11
500 ## - GENERAL NOTE
General note "This book is a translation of Cándido de Dalmases, El Padre Francisco de Borja, published by the Biblioteca de Autores Cristianos, Madrid, 1983. Chapter 7 of the present English edition ("The ascetical writer") was not included in the original Spanish edition"--T.p. verso
504 ## - BIBLIOGRAPHY, ETC. NOTE
Bibliography, etc Includes bibliographical references (p. [227]-237).
600 10 - SUBJECT ADDED ENTRY--PERSONAL NAME
Personal name Borja, Francisco de,
Titles and other words associated with a name Saint,
Dates associated with a name 1510-1572.
9 (RLIN) 14823
610 20 - SUBJECT ADDED ENTRY--CORPORATE NAME
Corporate name or jurisdiction name as entry element Jesuits
General subdivision History
Chronological subdivision 16th century.
9 (RLIN) 14824
650 #0 - SUBJECT ADDED ENTRY--TOPICAL TERM
Topical term or geographic name as entry element Christian saints
Geographic subdivision Spain
General subdivision Biography.
9 (RLIN) 14825
830 #0 - SERIES ADDED ENTRY--UNIFORM TITLE
Uniform title Series II--Modern scholarly studies about the Jesuits, in English translations ;
Volume number/sequential designation no. 11.
9 (RLIN) 14826
906 ## - LOCAL DATA ELEMENT F, LDF (RLIN)
a 7
b cbc
c orignew
d 2
e ncip
f 19
g y-gencatlg
942 ## - ADDED ENTRY ELEMENTS (KOHA)
Source of classification or shelving scheme Library of Congress Classification
Koha item type Monograph ( Printed materials)
Holdings
Withdrawn status Lost status Source of classification or shelving scheme Damaged status Not for loan Collection code Home library Current library Shelving location Date acquired Total Checkouts Full call number Barcode Date last seen Price effective from Koha item type
    Library of Congress Classification     Main Collection ARRUPE LIBRARY ARRUPE LIBRARY Main Collection 29/01/2015   BX3756.F45 D148 1996 46500001109 22/11/2017 29/01/2015 Monograph ( Printed materials)

 

Arrupe Library. PO Box MP320 Mt Pleasant, Harare, Zimbabwe
263 242 745411|librarian@aju.ac.zw